[Event "Montecatini Terme Open"]
[Site "Montecatini Terme ITA"]
[Date "1994.??.??"]
[Round "?"]
[White "Grigore, George"]
[Black "Zelcic, Robert"]
[Result "0-1"]
[WhiteElo "2440"]
[BlackElo "2460"]
[PlyCount "92"]
[EventDate "1994.??.??"]
[Source "www.chesslib.no"]
[SourceDate "2004.05.04"]

1. d4 c5 2. d5 d6 3. c4 e6 4. Nc3 Ne7 5. e4 exd5 6. cxd5 Ng6 7. f4 Be7 8. g3 O-O 9. Bg2 Bf6 10. h4 Re8 11. h5 Nf8 12. Nh3 Qa5 13. Bd2 b5 14. e5 Qb6 15. Ne4 dxe5 16. O-O Bxh3 17. Bxh3 c4+ 18. Kh1 exf4 19. Nxf6+ Qxf6 20. Bc3 Qh6 21. Rxf4 Nbd7 22. Rf5 Qe3 23. Kh2 Nc5 24. Bg2 Ne4 25. Qg4 Nxc3 26. bxc3 Nd7 27. d6 Rad8 28. Rxb5 Ne5 29. Qf4 Rxd6 30. Qxe3 Ng4+ 31. Kh3 Nxe3 32. Re1 Kf8 33. Bf3 Rf6 34. Bh1 Rfe6 35. Ra5 a6 36. Bf3 Rf6 37. Bh1 g6 38. g4 Rb6 39. Bf3 Ree6 40. hxg6 hxg6 41. Re2 Rbd6 42. Kh4 Rd3 43. Ra3 Kg7 44. Rb2 Nc2 45. Rxc2 Rxf3 46. Rd2 g5+ 0-1

[Event "Timisoara"]
[Site "Timisoara"]
[Date "1994.??.??"]
[Round "6"]
[White "Dumitrache, Dragos"]
[Black "Vajda, Albert 1"]
[Result "1/2-1/2"]
[WhiteElo "2475"]
[BlackElo "2400"]
[PlyCount "28"]
[EventDate "1994.??.??"]
[Source "www.chesslib.no"]
[SourceDate "2004.05.04"]

1. d4 c5 2. d5 d6 3. e4 g6 4. Nc3 Bg7 5. Nf3 Nf6 6. Bb5+ Nbd7 7. a4 O-O 8. O-O a6 9. Be2 b6 10. Re1 Ne8 11. Bf4 Nc7 12. Bf1 Bb7 13. Qd2 Nf6 14. Rad1 Qd7 1/2-1/2

[Event "Formia Open"]
[Site "Formia"]
[Date "1994.??.??"]
[Round "5"]
[White "Kaspi, Alexander"]
[Black "Zelcic, Robert"]
[Result "0-1"]
[WhiteElo "2410"]
[BlackElo "2460"]
[PlyCount "114"]
[EventDate "1994.??.??"]
[Source "www.chesslib.no"]
[SourceDate "2004.05.04"]

1. d4 c5 2. d5 d6 3. c4 e6 4. Nc3 Ne7 5. e4 exd5 6. cxd5 Ng6 7. Be3 Be7 8. Qd2 O-O 9. Be2 Bf6 10. f3 Na6 11. g3 Bd7 12. h4 b5 13. h5 Ne5 14. g4 h6 15. Nh3 Nc4 16. Bxc4 bxc4 17. g5 hxg5 18. Nf2 Rb8 19. Rg1 Qa5 20. Rc1 g4 21. h6 g6 22. Bg5 Qd8 23. f4 Re8 24. Bxf6 Qxf6 25. a3 Qh4 26. Rh1 Qg3 27. Kf1 Qf3 28. Ne2 Rxe4 29. Rc3 Qxe2+ 30. Qxe2 Rxe2 31. Kxe2 Rxb2+ 32. Ke1 Nc7 33. Rc1 Bf5 34. Nd1 Rb3 35. Nc3 Kh7 36. a4 a5 37. Rh2 Ne8 38. Re2 Nf6 39. Re7 Kxh6 40. Rxf7 Nh5 41. Nb5 Re3+ 42. Kf2 Rf3+ 43. Kg1 g3 44. Nxd6 Bh3 45. Ne4 Nxf4 46. Rxf4 Rxf4 47. Nxg3 Rd4 48. Ne2 Rxd5 49. Nf4 Rg5+ 50. Kf2 Bd7 51. Rh1+ Kg7 52. Rd1 Bxa4 53. Ra1 Rf5 54. Kg3 Bb3 55. Rxa5 c3 56. Ra7+ Rf7 57. Ra5 Rf5 0-1

[Event "It Open"]
[Site "St Ingbert"]
[Date "1987.??.??"]
[Round "8"]
[White "Gauglitz, Gernot"]
[Black "Szymczak, Zbigniew"]
[Result "1/2-1/2"]
[WhiteElo "2465"]
[BlackElo "2400"]
[PlyCount "94"]
[EventDate "1987.??.??"]
[Source "www.chesslib.no"]
[SourceDate "2004.05.04"]

1. d4 c5 2. d5 d6 3. Nc3 g6 4. e4 Bg7 5. Bb5+ Bd7 6. a4 Na6 7. Nf3 Nc7 8. Be2 a6 9. a5 Nf6 10. O-O O-O 11. Nd2 Nb5 12. f4 Ne8 13. Ncb1 e6 14. c3 f5 15. dxe6 Bxe6 16. exf5 gxf5 17. Nc4 Qe7 18. Nb6 Rd8 19. Bf3 Nf6 20. Re1 Qf7 21. Be3 Bb3 22. Qc1 Be6 23. Nd2 Ng4 24. Bxg4 fxg4 25. Ne4 Bf5 26. Ng3 Rfe8 27. Qd2 Be6 28. f5 Bb3 29. Bg5 Rb8 30. Qf4 h5 31. f6 Bf8 32. Nf5 Re6 33. Rxe6 Bxe6 34. Nh6+ Bxh6 35. Bxh6 Re8 36. Qg5+ Kh7 37. Bg7 Qg6 38. Qf4 Bf7 39. Nd7 Kg8 40. Rf1 Qe4 41. Qh6 Qe3+ 42. Qxe3 Rxe3 43. Kf2 Bc4 44. Kxe3 Bxf1 45. g3 Nc7 46. Ke4 Kf7 47. Nf8 Ne6 1/2-1/2

[Event "Nis Open"]
[Site "Nis YUG"]
[Date "1993.??.??"]
[Round "?"]
[White "Tregubov, Pavel V"]
[Black "Kovacevic, Aleksandar"]
[Result "1-0"]
[WhiteElo "2475"]
[BlackElo "2390"]
[PlyCount "97"]
[EventDate "1993.12.??"]
[Source "www.chesslib.no"]
[SourceDate "2004.05.04"]

1. d4 c5 2. d5 d6 3. e4 Nf6 4. Nc3 g6 5. Nf3 Bg7 6. Bb5+ Nfd7 7. a4 Na6 8. Bf4 O-O 9. O-O Nc7 10. Bc4 a6 11. Re1 Rb8 12. Qd3 b5 13. axb5 Nb6 14. bxa6 Nxc4 15. Qxc4 Rb4 16. Qd3 Bxa6 17. Qd2 Rxb2 18. e5 Bb7 19. Rad1 Rb4 20. Bh6 dxe5 21. Bxg7 Kxg7 22. Rxe5 e6 23. d6 Bxf3 24. gxf3 Nd5 25. Nxd5 Rd4 26. Qe1 Rxd1 27. Qxd1 Qxd6 28. Qa1 f6 29. Nxf6 Rxf6 30. Kg2 Kg8 31. Qa8+ Rf8 32. Qe4 Rf5 33. Rxe6 Rg5+ 34. Kh3 Rh5+ 35. Kg4 Qd7 36. Qc6 Qxc6 37. Rxc6 Rf5 38. Rc7 h5+ 39. Kg3 g5 40. c4 Kh8 41. Rd7 Kg8 42. Rc7 Kh8 43. h4 gxh4+ 44. Kxh4 Kg8 45. Kg3 Kf8 46. f4 Kg8 47. Kf3 Kf8 48. Rh7 Kg8 49. Ke4 1-0

[Event "YUG-ch35"]
[Site "?"]
[Date "1980.02.??"]
[Round "5"]
[White "Rakic Tomislav"]
[Black "Ilic Zoran"]
[Result "0-1"]
[WhiteElo "2455"]
[BlackElo "2400"]
[PlyCount "64"]
[EventDate "1980.??.??"]
[Source "www.chesslib.no"]
[SourceDate "2004.05.04"]

1. d4 c5 2. d5 d6 3. Nc3 e6 4. g3 Nf6 5. Nh3 e5 6. Bg2 g6 7. O-O Bg7 8. a4 O-O 9. e4 h6 10. f3 Kh7 11. Kh1 Ne8 12. g4 Nd7 13. Bd2 Ndf6 14. Qe1 Ng8 15. Rg1 Bf6 16. Bf1 Be7 17. f4 exf4 18. Nxf4 Nef6 19. Be2 Nd7 20. Qg3 Ne5 21. Raf1 Bh4 22. Qh3 Bg5 23. Rf2 Qe7 24. Nd1 Bd7 25. b3 c4 26. Ne3 cxb3 27. cxb3 Nf6 28. Qg2 Rae8 29. h3 Nxe4 30. Qxe4 Nxg4 31. Qf3 Nxe3 32. h4 Bxf4 0-1

[Event "Benidorm Open"]
[Site "Benidorm"]
[Date "1989.??.??"]
[Round "?"]
[White "Hodgson, Julian M"]
[Black "Tozer, Richard"]
[Result "1-0"]
[WhiteElo "2545"]
[BlackElo "2305"]
[PlyCount "51"]
[EventDate "1989.04.??"]
[Source "www.chesslib.no"]
[SourceDate "2004.05.04"]

1. d4 c5 2. d5 d6 3. e4 Nf6 4. Nc3 g6 5. f4 Bg7 6. Bb5+ Nfd7 7. a4 O-O 8. Nf3 Na6 9. O-O Nc7 10. Qe1 Nxb5 11. axb5 e6 12. dxe6 fxe6 13. Ng5 Nb6 14. Qg3 e5 15. Nd5 Nxd5 16. exd5 Bf5 17. fxe5 Bxe5 18. Bf4 Bxb2 19. Rae1 Bf6 20. Ne6 Bxe6 21. dxe6 Qe7 22. Qb3 Rad8 23. Bh6 Bd4+ 24. Kh1 Rxf1+ 25. Rxf1 d5 26. Qf3 1-0

[Event "Mayors Cup Open"]
[Site "Mumbai IND"]
[Date "2008.05.15"]
[Round "7"]
[White "Gagunashvili, M."]
[Black "Nitin, S."]
[Result "1-0"]
[WhiteElo "2553"]
[BlackElo "2296"]
[PlyCount "53"]
[EventDate "2008.05.11"]
[Source "www.chesslib.no"]
[SourceDate "2004.05.04"]

1. d4 c5 2. d5 d6 3. e4 g6 4. Nf3 Bg7 5. Be2 e5 6. dxe6 fxe6 7. Nc3 Ne7 8. h4 h6 9. Bf4 e5 10. Be3 Nbc6 11. Nb5 Nd4 12. c3 Nxb5 13. Bxb5+ Bd7 14. Bxd7+ Qxd7 15. Qb3 O-O-O 16. O-O-O Qc7 17. Qf7 Rhg8 18. Rd2 Kb8 19. Rhd1 Rd7 20. Nh2 Qc6 21. f3 b6 22. Ng4 h5 23. Nf2 Rgd8 24. Bg5 Bf8 25. Nd3 Kb7 26. Qe6 Kc7 27. Ne1 1-0

[Event "GER CupT"]
[Site "GER"]
[Date "1991.??.??"]
[Round "?"]
[White "Lutz, Christopher"]
[Black "Kunsztowicz, Uwe"]
[Result "1-0"]
[WhiteElo "2500"]
[BlackElo "2340"]
[PlyCount "81"]
[EventDate "1991.??.??"]
[Source "www.chesslib.no"]
[SourceDate "2004.05.04"]

1. d4 c5 2. d5 d6 3. e4 Nf6 4. Nc3 g6 5. Nf3 Bg7 6. Bb5+ Nbd7 7. a4 O-O 8. O-O Ne8 9. Re1 Nc7 10. Bf1 b6 11. Bf4 a6 12. Qd2 Rb8 13. e5 dxe5 14. Nxe5 Nxe5 15. Bxe5 Bxe5 16. Rxe5 e6 17. d6 Ne8 18. Rd1 Bb7 19. a5 Nf6 20. axb6 Nd7 21. Re3 Nxb6 22. Rh3 Qf6 23. Qe3 Nd7 24. b3 Rfd8 25. Be2 Qe5 26. Qd2 Nb6 27. Bf3 c4 28. Bxb7 Rxb7 29. Re3 Qg7 30. Ne4 Nd5 31. bxc4 Nxe3 32. Qxe3 f5 33. Nc3 Qd7 34. c5 Rc8 35. h3 Rb4 36. Rd4 Rxd4 37. Qxd4 Kf7 38. Na4 Qc6 39. d7 Rd8 40. Nb6 e5 41. Qh4 1-0

[Event "SSKK"]
[Site "?"]
[Date "1997.04.15"]
[Round "?"]
[White "Johnsen John Kristian (NOR)"]
[Black "Larsen Ole Schoeller (DEN)"]
[Result "1/2-1/2"]
[WhiteElo "2445"]
[BlackElo "2395"]
[PlyCount "46"]
[EventDate "1997.??.??"]
[Source "www.chesslib.no"]
[SourceDate "2004.05.04"]

1. d4 c5 2. d5 d6 3. c4 g6 4. Nc3 Bg7 5. e4 Nh6 6. Bd3 e5 7. h4 O-O 8. h5 g5 9. Nge2 f5 10. exf5 Bxf5 11. Ng3 e4 12. Ncxe4 Bxe4 13. Nxe4 Nf7 14. h6 Bd4 15. O-O Nd7 16. a4 Nde5 17. Bb1 g4 18. Ng3 Ng5 19. Qc2 Rf7 20. Ra3 Ngf3+ 21. gxf3 Qh4 22. Nf5 Rxf5 23. Qxf5 Qg3+ 1/2-1/2

[Event "Santa Catalina"]
[Site "Santa Catalina"]
[Date "1987.??.??"]
[Round "?"]
[White "Garcia Padron, Jose"]
[Black "Armas, Jorge"]
[Result "1/2-1/2"]
[WhiteElo "2385"]
[BlackElo "2455"]
[PlyCount "50"]
[EventDate "1987.??.??"]
[Source "www.chesslib.no"]
[SourceDate "2004.05.04"]

1. d4 c5 2. d5 d6 3. e4 g6 4. Nc3 Bg7 5. Nf3 Nf6 6. Be2 O-O 7. O-O Na6 8. Nd2 Nc7 9. a4 b6 10. f3 e6 11. dxe6 Nxe6 12. Bc4 Nc7 13. Ndb1 Bb7 14. Bg5 h6 15. Bh4 g5 16. Bg3 d5 17. Bxc7 Qxc7 18. exd5 Rad8 19. f4 gxf4 20. Qf3 Qe7 21. Qxf4 Nxd5 22. Bxd5 Bxd5 23. Nxd5 Rxd5 24. Nc3 Re5 25. Rad1 Qe6 1/2-1/2

[Event "Formia Open"]
[Site "Formia"]
[Date "1994.??.??"]
[Round "8"]
[White "Marinelli, Tullio"]
[Black "Zelcic, Robert"]
[Result "0-1"]
[WhiteElo "2370"]
[BlackElo "2460"]
[PlyCount "130"]
[EventDate "1994.??.??"]
[Source "www.chesslib.no"]
[SourceDate "2004.05.04"]

1. d4 c5 2. d5 d6 3. c4 e6 4. Nc3 Ne7 5. Nf3 exd5 6. cxd5 Ng6 7. g3 Be7 8. Bg2 O-O 9. O-O Bg4 10. Nd2 Qd7 11. a4 Na6 12. f4 Nb4 13. Nc4 Rae8 14. Ne4 Bf5 15. Ra3 b6 16. Kh1 Kh8 17. Ne3 Bxe4 18. Bxe4 f5 19. Bg2 Bf6 20. Nc4 Bd8 21. Bd2 a6 22. Re1 b5 23. axb5 axb5 24. Na5 Ne7 25. Bxb4 cxb4 26. Ra1 Bxa5 27. Rxa5 Rc8 28. Qd2 Rc4 29. Rea1 Ng8 30. b3 Rc3 31. Ra7 Qc8 32. Qd4 Rc1+ 33. Bf1 Qc3 34. Qxc3 Rxc3 35. Rb1 Nf6 36. Bg2 h6 37. Ra6 Rd8 38. Kg1 Kg8 39. Bf3 Kf8 40. Rb6 Rc5 41. Rd1 Ke7 42. Rd4 g5 43. Rxb4 g4 44. Bg2 Nxd5 45. Rb7+ Nc7 46. Rd4 Rd7 47. b4 Rc1+ 48. Kf2 Rc2 49. Rb8 d5 50. Rh8 Rd6 51. Rh7+ Kd8 52. Rf7 Re6 53. Bf1 Re4 54. Rd3 Rxb4 55. Rxf5 Re4 56. Rf6 h5 57. Rh6 b4 58. Rxh5 Kc8 59. Re5 Rxe5 60. fxe5 Kd7 61. Rb3 Na6 62. h3 Nc5 63. Rb1 b3 64. Ke1 Ne4 65. e3 Nd2 0-1

[Event "Gausdal zt"]
[Site "Gausdal"]
[Date "1985.??.??"]
[Round "?"]
[White "Agdestein, Simen"]
[Black "Ostenstad, Berge"]
[Result "0-1"]
[WhiteElo "2500"]
[BlackElo "2330"]
[PlyCount "78"]
[EventDate "1985.01.??"]
[Source "ChessBase"]

1. d4 c5 2. d5 d6 3. e4 Nf6 4. Nc3 g6 5. Bf4 Bg7 6. Qd2 O-O 7. O-O-O a6 8. Bh6 b5 9. f3 Qa5 10. Kb1 Nbd7 11. h4 Rb8 12. h5 Ne5 13. Bxg7 Kxg7 14. hxg6 fxg6 15. Ka1 b4 16. Nb1 e6 17. Qh6+ Kg8 18. Nh3 exd5 19. Ng5 Nf7 20. Nxf7 Rxf7 21. g4 b3 22. cxb3 Rxb3 23. g5 Ne8 24. Rxd5 Rxb2 25. Kxb2 Rb7+ 26. Kc2 Qxa2+ 27. Kd3 Qxb1+ 28. Ke3 Qc1+ 29. Kf2 Be6 30. Bxa6 Qb2+ 31. Kg3 Ra7 32. Bc4 Qc3 33. Rxc5 Bxc4 34. Rc8 Qe5+ 35. f4 Qc3+ 36. Kh4 Bb5 37. Rxe8+ Bxe8 38. Rd1 Ra3 39. Rh1 Qg3# 0-1

[Event "CZE-chT 0304"]
[Site "CZE"]
[Date "2003.??.??"]
[Round "4"]
[White "Cech, Pavel"]
[Black "Matlak, Marek"]
[Result "1/2-1/2"]
[WhiteElo "2331"]
[BlackElo "2492"]
[PlyCount "32"]
[EventDate "2003.10.??"]
[Source "Roberto Alvarez"]
[SourceDate "2004.02.16"]

1. d4 c5 2. d5 d6 3. e4 Nf6 4. Nc3 g6 5. Be2 Bg7 6. Nf3 O-O 7. O-O e6 8. dxe6 Bxe6 9. Bg5 h6 10. Bh4 Nc6 11. Qd2 g5 12. Bg3 d5 13. exd5 Nxd5 14. Ne4 b6 15. Bb5 Nce7 16. Bd6 g4 1/2-1/2

[Event "Gausdal (zt)"]
[Site "?"]
[Date "1987.??.??"]
[Round "?"]
[White "Yrjola, J."]
[Black "Ostenstad, B."]
[Result "1-0"]
[WhiteElo "2415"]
[BlackElo "2400"]
[PlyCount "73"]
[EventDate "1987.??.??"]
[Source "ChessBase"]
[SourceDate "1987.01.01"]

1. d4 c5 2. d5 d6 3. e4 Nf6 4. Nc3 g6 5. Nf3 Bg7 6. Be2 O-O 7. O-O Na6 8. Bf4 Nc7 9. a4 b6 10. Re1 a6 11. h3 Rb8 12. e5 Nfe8 13. Rb1 b5 14. axb5 Nxb5 15. Ne4 Qc7 16. exd6 exd6 17. c3 Bf5 18. Nfd2 Nf6 19. Nxf6+ Bxf6 20. Ra1 Ra8 21. Nc4 Rfe8 22. Qd2 Bd7 23. Bg3 Bg7 24. Qf4 Bf8 25. Qf3 a5 26. Nd2 f5 27. Bf4 Qd8 28. Qg3 Qf6 29. Nc4 Rab8 30. Rxa5 Re4 31. Raa1 Qe7 32. Ne3 Qf6 33. Bd3 Ree8 34. Nc4 Rxe1+ 35. Rxe1 Re8 36. Ra1 h6 37. Nb6 1-0

[Event "Lugano Open"]
[Site "Lugano SUI"]
[Date "1989.??.??"]
[Round "1"]
[White "Gheorghiu, Florin"]
[Black "Tyrtania, Maximilian"]
[Result "1-0"]
[WhiteElo "2515"]
[BlackElo "2300"]
[PlyCount "81"]
[EventDate "1989.03.??"]
[Source "www.chesslib.no"]
[SourceDate "2004.05.04"]

1. d4 c5 2. d5 d6 3. e4 g6 4. Nc3 Bg7 5. Bb5+ Bd7 6. a4 Nf6 7. Nf3 O-O 8. Bxd7 Qxd7 9. O-O e6 10. dxe6 Qxe6 11. Re1 Nc6 12. Bg5 h6 13. Bxf6 Qxf6 14. Rb1 Rad8 15. Nd5 Qe6 16. c3 Ne7 17. Nxe7+ Qxe7 18. Qb3 Kh7 19. Rbd1 Rfe8 20. h3 Bf6 21. Rd5 a6 22. a5 Qc7 23. Nd2 Qc6 24. Rd1 Qb5 25. Qa2 Kg7 26. Nc4 Rxe4 27. Nxd6 Qa4 28. Qxa4 Rxa4 29. Nxb7 Rxd5 30. Rxd5 Ra2 31. Nd6 Kf8 32. Ne4 Ke7 33. Nxf6 Kxf6 34. Rxc5 Rxb2 35. Rc6+ Ke5 36. Rxa6 Rc2 37. Rc6 Ra2 38. a6 Ra3 39. Rc7 Rxa6 40. Rxf7 Rc6 41. Rf3 1-0

[Event "Southend"]
[Site "?"]
[Date "2005.03.28"]
[Round "7"]
[White "Trent Lawrence"]
[Black "Pein Malcolm"]
[Result "1/2-1/2"]
[WhiteElo "2387"]
[BlackElo "2419"]
[PlyCount "96"]
[EventDate "2005.??.??"]
[Source "www.chesslib.no"]
[SourceDate "2004.05.04"]

1. d4 c5 2. d5 d6 3. e4 Nf6 4. Nc3 g6 5. Nf3 Bg7 6. Bb5+ Bd7 7. a4 O-O 8. O-O Na6 9. h3 Nc7 10. Bc4 a6 11. a5 Nb5 12. Qd3 Nxc3 13. bxc3 Bb5 14. Bf4 Bxc4 15. Qxc4 Nd7 16. Rfb1 Qc7 17. Ra3 Rfb8 18. Nd2 b5 19. axb6 Rxb6 20. Rba1 Qb7 21. Bg3 h5 22. f4 Rb2 23. Rb3 Rxb3 24. cxb3 Nb6 25. Qd3 a5 26. Rb1 Qa6 27. c4 Bd4+ 28. Kh2 a4 29. bxa4 Nxa4 30. e5 Nc3 31. Re1 dxe5 32. f5 g5 33. Bxe5 Bxe5+ 34. Rxe5 Qd6 35. Qg3 f6 36. Re3 Ra2 37. Qxd6 exd6 38. Nf3 Ne2 39. h4 Nf4 40. Ne1 Re2 41. Rxe2 Nxe2 42. hxg5 fxg5 43. Nf3 g4 44. Ng5 Nd4 45. Kg3 Nxf5+ 46. Kf4 Nh4 47. Kg3 Nf5+ 48. Kf4 Nh4 1/2-1/2

[Event "Kiev Championship"]
[Site "Kiev"]
[Date "2003.01.31"]
[Round "9"]
[White "Shishkin, Vadim"]
[Black "Kislinsky, Alexey"]
[Result "1/2-1/2"]
[WhiteElo "2404"]
[BlackElo "2392"]
[PlyCount "118"]
[EventDate "2003.01.17"]
[Source "Roberto Alvarez"]
[SourceDate "2003.02.17"]

1. d4 c5 2. d5 d6 3. e4 g6 4. f4 Bg7 5. Nc3 Na6 6. Nf3 Nc7 7. Bc4 a6 8. a4 Bd7 9. a5 Nb5 10. Bd2 Nf6 11. Qe2 Nd4 12. Nxd4 cxd4 13. Na4 Bxa4 14. Rxa4 O-O 15. Bd3 e6 16. dxe6 fxe6 17. O-O Nh5 18. Bc4 Qd7 19. Ra3 Rae8 20. Raf3 d5 21. Bd3 dxe4 22. Bxe4 Nf6 23. Rb3 Nxe4 24. Qxe4 Rf7 25. Re1 e5 26. Rf3 Qb5 27. b3 Ree7 28. fxe5 Rxe5 29. Qd3 Qxd3 30. cxd3 Rxe1+ 31. Bxe1 Rxf3 32. gxf3 Kf7 33. f4 Ke6 34. Kg2 Bf6 35. Kf3 Kd5 36. Bb4 Bd8 37. h3 h5 38. Be1 Be7 39. b4 Bf6 40. Bf2 Bd8 41. f5 g5 42. Bg3 Be7 43. Bc7 Bxb4 44. f6 Ke6 45. Bd8 Bd6 46. Ke4 g4 47. hxg4 hxg4 48. Kxd4 Be5+ 49. Ke4 Bxf6 50. Bc7 Kd7 51. Bb6 Kc6 52. Kf5 Bc3 53. Kxg4 Kb5 54. Kf5 Bxa5 55. Bxa5 Kxa5 56. d4 Kb6 57. Ke6 Kc7 58. Ke7 Kc6 59. Ke6 Kc7 1/2-1/2

[Event "CRO-Cup"]
[Site "Pula CRO"]
[Date "1993.??.??"]
[Round "8"]
[White "Gazarek, Danko"]
[Black "Zelcic, Robert"]
[Result "1-0"]
[WhiteElo "2345"]
[BlackElo "2450"]
[PlyCount "115"]
[EventDate "1993.??.??"]
[Source "www.chesslib.no"]
[SourceDate "2004.05.04"]

1. d4 c5 2. d5 d6 3. Nc3 a6 4. a4 e6 5. Nf3 Ne7 6. dxe6 Bxe6 7. Ne4 d5 8. Neg5 Qc8 9. Nxe6 Qxe6 10. g3 h6 11. h4 Nbc6 12. Bh3 f5 13. h5 O-O-O 14. c3 g5 15. hxg6 Bg7 16. Qb3 Nxg6 17. Be3 c4 18. Qc2 Rhf8 19. Rd1 Kb8 20. Bd4 Nxd4 21. Nxd4 Bxd4 22. Rxd4 Qf6 23. e3 Ne5 24. Bg2 Nd3+ 25. Kd1 Qe6 26. Bf3 Nc5 27. Rf4 Qb6 28. Be2 Qc6 29. Rfh4 Rf6 30. a5 Nb3 31. Ke1 Nxa5 32. Kf1 Nb3 33. Rf4 Rdf8 34. Rh5 Qe6 35. Kg2 Nc5 36. Qd1 Qc6 37. Bf3 Nd3 38. Rd4 Qb6 39. b4 Rd8 40. Bxd5 Rxd5 41. Rxd5 Qc6 42. e4 fxe4 43. Rhf5 Rxf5 44. Rxf5 e3+ 45. Kh2 exf2 46. Qf3 Qb6 47. Rf6 Qc7 48. Rf7 Qb6 49. Qd5 Ka7 50. Qe4 h5 51. Rf5 h4 52. gxh4 Qd6+ 53. Kh3 Qd7 54. Kh2 Qd6+ 55. Kh3 Qb6 56. Rf7 Nb2 57. Qf3 Nd3 58. Rf6 1-0

[Event "Montpellier"]
[Site "Montpellier"]
[Date "1988.??.??"]
[Round "5"]
[White "Anic, Darko"]
[Black "Vaisman, Volodia"]
[Result "1-0"]
[WhiteElo "2390"]
[BlackElo "2395"]
[PlyCount "119"]
[EventDate "1988.03.??"]
[Source "www.chesslib.no"]
[SourceDate "2004.05.04"]

1. d4 c5 2. d5 d6 3. e4 g6 4. Nc3 Bg7 5. Be2 Nf6 6. Nf3 O-O 7. O-O Na6 8. h3 Nc7 9. a4 a6 10. Bf4 Rb8 11. Rb1 b5 12. b4 cxb4 13. Rxb4 a5 14. Rb1 b4 15. e5 dxe5 16. Nxe5 Bb7 17. Nc6 Bxc6 18. dxc6 Rc8 19. Qxd8 Rfxd8 20. Nb5 Ncd5 21. c7 Rd7 22. Bh2 Nxc7 23. Nxc7 Rcxc7 24. Bxc7 Rxc7 25. Rfd1 Rxc2 26. Rd8+ Bf8 27. Bf3 Kg7 28. Ra8 Rc5 29. Rd1 e5 30. Rdd8 Rc1+ 31. Rd1 Rc2 32. g4 e4 33. g5 Nh5 34. Bxh5 b3 35. Bg4 b2 36. Rxa5 h5 37. gxh6+ Kxh6 38. Kf1 Bc5 39. Be2 f5 40. Rb5 f4 41. f3 exf3 42. Bxf3 Be3 43. Be4 Rf2+ 44. Ke1 f3 45. Rd3 Re2+ 46. Kd1 Bc1 47. Bxf3 Rf2 48. Be2 Rh2 49. Rf3 Rh1+ 50. Kc2 Rh2 51. Kd3 Rg2 52. Bf1 Rh2 53. Kc3 g5 54. Bd3 Bf4 55. Rxf4 gxf4 56. Rxb2 Rxh3 57. a5 Kg5 58. Rg2+ Kf6 59. a6 Rh8 60. Kd4 1-0

[Event "Skopje MKD"]
[Site "Skopje Skopje MKD"]
[Date "1971.??.??"]
[Round "?"]
[White "Ilievski, Dimitar"]
[Black "Tringov, Georgi P"]
[Result "1/2-1/2"]
[WhiteElo "2280"]
[BlackElo "2490"]
[PlyCount "28"]
[EventDate "1971.??.??"]
[Source "www.chesslib.no"]
[SourceDate "2004.05.04"]

1. d4 c5 2. d5 d6 3. e4 Nf6 4. Nc3 g6 5. f4 Bg7 6. Nf3 O-O 7. Be2 e6 8. dxe6 Bxe6 9. O-O Nc6 10. Ng5 Qe7 11. Nxe6 fxe6 12. Bf3 Rad8 13. Be3 a6 14. a4 Nd7 1/2-1/2

[Event "First Saturday GM - Aprile 2007"]
[Site "Budapest UNG"]
[Date "2007.04.10"]
[Round "4"]
[White "Fodor, Tamas Jr"]
[Black "Kahn, Evarth Dr"]
[Result "1-0"]
[WhiteElo "2426"]
[BlackElo "2334"]
[PlyCount "115"]
[EventDate "2007.04.07"]
[Source "www.chesslib.no"]
[SourceDate "2004.05.04"]

1. d4 c5 2. d5 d6 3. Nc3 g6 4. e4 Bg7 5. f4 Nf6 6. Bb5+ Bd7 7. a4 O-O 8. Nf3 a6 9. Bc4 Bg4 10. O-O Ne8 11. h3 Bxf3 12. Qxf3 Nd7 13. a5 b5 14. axb6 Qxb6 15. Kh1 Nc7 16. Qd3 Qb7 17. Na4 a5 18. Bd2 Nb6 19. Nxb6 Qxb6 20. Ra2 a4 21. c3 Ra7 22. Rfa1 Rfa8 23. Bc1 Ra5 24. Qc2 Qa7 25. Ra3 e6 26. dxe6 fxe6 27. Qd1 Qb7 28. Bd3 Qc6 29. Bc2 Bf6 30. Kh2 Be7 31. Be3 Bf8 32. Bf2 Qb6 33. R1a2 Qc6 34. Bg3 c4 35. Qa1 Qb6 36. Rxa4 Rxa4 37. Bxa4 d5 38. Bc2 Rxa2 39. Qxa2 Qe3 40. exd5 Bc5 41. Qb1 Nxd5 42. Qf1 Bb6 43. Ba4 Qd2 44. Bd7 Ne3 45. Bxe6+ Kg7 46. Qf3 Qxb2 47. f5 Qxc3 48. Bf4 g5 49. Bxg5 Bc7+ 50. Bf4 Bxf4+ 51. Qxf4 Kf6 52. Qh6+ Ke7 53. Qxh7+ Kd6 54. Qd7+ Kc5 55. Qe7+ Kb6 56. Qd6+ Ka5 57. Bd7 Nf1+ 58. Kg1 1-0

[Event "CRO Ch"]
[Site "Porec CRO"]
[Date "1994.??.??"]
[Round "?"]
[White "Feletar, Darko"]
[Black "Zelcic, Robert"]
[Result "0-1"]
[WhiteElo "2300"]
[BlackElo "2460"]
[PlyCount "108"]
[EventDate "1994.??.??"]
[Source "www.chesslib.no"]
[SourceDate "2004.05.04"]

1. d4 c5 2. d5 d6 3. Nc3 e6 4. Nf3 Ne7 5. e4 exd5 6. Nxd5 Nxd5 7. Qxd5 Nc6 8. Ng5 Qd7 9. f4 h6 10. Nf3 Qe7 11. Bb5 Bd7 12. c3 O-O-O 13. O-O g6 14. Re1 Bg7 15. Be3 Kb8 16. Qd3 g5 17. Rad1 a6 18. Bc4 Bg4 19. Bd5 gxf4 20. Bxf4 Ne5 21. Bxe5 Bxe5 22. Nxe5 Qxe5 23. Rb1 Be6 24. b4 cxb4 25. Rxb4 Bxd5 26. Qxd5 Qxd5 27. exd5 Rhe8 28. Rbe4 Rxe4 29. Rxe4 Rc8 30. c4 Ka7 31. Kf2 Rc5 32. Rf4 Ra5 33. Rxf7 Rxa2+ 34. Kf3 Rc2 35. Rf6 Rxc4 36. Rxh6 b5 37. g4 b4 38. Re6 b3 39. Re1 a5 40. g5 Rc3+ 41. Ke4 a4 42. g6 b2 43. g7 Rc8 44. Kd3 a3 45. g8=Q Rxg8 46. Kc2 Rc8+ 47. Kb1 Kb6 48. h4 Kb5 49. h5 Kb4 50. h6 Rc1+ 51. Rxc1 Kb3 52. Rc3+ Kxc3 53. h7 Kb3 54. h8=Q a2# 0-1

[Event "Neckar Open 2nd"]
[Site "?"]
[Date "1998.04.06"]
[Round "2"]
[White "Englmeier Heinz"]
[Black "Haba Petr"]
[Result "0-1"]
[WhiteElo "2185"]
[BlackElo "2570"]
[PlyCount "72"]
[EventDate "1998.??.??"]
[Source "www.chesslib.no"]
[SourceDate "2004.05.04"]

1. d4 c5 2. d5 d6 3. e4 Nf6 4. Nc3 g6 5. Bg5 Bg7 6. Qd2 h6 7. Bf4 g5 8. Bg3 Nh5 9. Nge2 Qb6 10. Nd1 Qb4 11. f3 Qxd2+ 12. Kxd2 Nxg3 13. Nxg3 h5 14. Bb5+ Kd8 15. h4 gxh4 16. Rxh4 Bf6 17. Rxh5 Rg8 18. Nf5 Rxg2+ 19. Be2 Rg1 20. c3 Bxf5 21. Rxf5 Nd7 22. f4 e6 23. Rh5 e5 24. Ke3 Ke7 25. f5 Rag8 26. Bf3 Re1+ 27. Kf2 Rgg1 28. Be2 c4 29. b4 Kf8 30. a4 a5 31. Rb1 Kg7 32. Rc1 Bd8 33. Rb1 Bb6+ 34. Kf3 axb4 35. cxb4 Bd4 36. Rc1 c3 0-1

[Event "HZ Open"]
[Site "?"]
[Date "2003.08.03"]
[Round "3"]
[White "Mueller Oliver"]
[Black "Arkell Keith C"]
[Result "0-1"]
[WhiteElo "2235"]
[BlackElo "2513"]
[PlyCount "110"]
[EventDate "2003.??.??"]
[Source "www.chesslib.no"]
[SourceDate "2004.05.04"]

1. d4 c5 2. d5 d6 3. c4 g6 4. Nc3 Bg7 5. e4 e6 6. Bd3 Ne7 7. Nge2 Nd7 8. f4 exd5 9. cxd5 O-O 10. O-O f5 11. Ng3 Nf6 12. e5 dxe5 13. fxe5 Ng4 14. d6 Nc6 15. Be2 Ngxe5 16. Qd5+ Kh8 17. Bf4 Bd7 18. Rad1 b6 19. a3 Re8 20. Nb5 Nd4 21. Nxd4 cxd4 22. Kh1 d3 23. Bxd3 Nxd3 24. Rxd3 Bxb2 25. Re3 Rc8 26. Rfe1 Rxe3 27. Bxe3 Qf6 28. Bf4 Qc3 29. Bd2 Qd4 30. Qxd4+ Bxd4 31. Re7 Rd8 32. Bg5 Re8 33. Ne2 Rxe7 34. Bxe7 Be5 35. g3 Kg7 36. Kg2 Bf6 37. Kf3 Bxe7 38. dxe7 Kf6 39. Kf4 g5+ 40. Ke3 Kxe7 41. Kd4 Kd6 42. Ng1 Bc6 43. Nh3 h6 44. Nf2 b5 45. Nd3 a5 46. Ne5 Bd5 47. Nd3 Be6 48. Nc5 Bd5 49. Nd3 Bg8 50. Nc5 b4 51. axb4 axb4 52. Nd3 b3 53. Nb2 h5 54. Nd3 Bd5 55. Nb2 f4 0-1